Statistics for Harry Potter horcruxes

Click here to take the quiz!

General Stats

  • This quiz has been taken 13 times
  • The average score is 2 of 7

Answer Stats

hint Answer % Correct
-Harry potter
92%
-Tom riddle diary
33%
-Nagini the snake
17%
-Gaunts Ring
8%
-Hufflepuff cup
8%
-Slyerthin Locket
0%
-Ravenclaw diaden
0%

Score Distribution

Percentile by Number Answered

Percent of People with Each Score

Your Score History

You have not taken this quiz